[Event "14th Chigorin Mem B"]
[Site "St-Petersburg RUS"]
[Date "2006.10.30"]
[Round "9"]
[White "Urjubdshzirov,E"]
[Black "Astanovsky,K"]
[Result "0-1"]
[WhiteElo "2197"]
[BlackElo "2099"]

1.e4 c5 2.Nf3 Nc6 3.Nc3 d6 4.d4 cxd4 5.Nxd4 Nf6 6.g3 Bg4 7.f3 Nxd4 8.fxg4 Nc6
9.g5 Nd7 10.Be3 e6 11.Qd2 Be7 12.O-O-O Nc5 13.h4 g6 14.Be2 b5 15.Rhf1 O-O
16.Bf3 Ne5 17.Qe1 Rc8 18.Bd4 Qc7 19.Kb1 b4 20.Bxe5 dxe5 21.Ne2 a5 22.Nc1 a4
23.Qe3 a3 24.Nd3 Na4 25.Rd2 axb2 26.Nf2 Nc3+ 27.Kxb2 Qa5 28.Kc1 Qxa2 29.Rdd1 Nxd1
30.Bxd1 b3 31.Qb6 Ba3+ 32.Kd2 bxc2  0-1

[Event "Petersburg Autumn"]
[Site "St Petersburg RUS"]
[Date "2006.11.02"]
[Round "3"]
[White "Ermolov,V"]
[Black "Biriukov,O"]
[Result "1/2-1/2"]
[WhiteElo "2171"]
[BlackElo "2374"]

1.e4 c5 2.Nc3 Nc6 3.Nge2 g6 4.d3 Bg7 5.Be3 d6 6.Qd2 Nd4 7.Nd1 d5 8.c3 Ne6
9.exd5 Qxd5 10.Nf4 Qc6 11.Nxe6 Bxe6 12.f3 Nf6 13.Bh6 O-O 14.Bxg7 Kxg7 15.Be2 Rfd8
16.O-O Bf5 17.Nf2 c4 18.d4 e5 19.Rfd1 exd4 20.cxd4 Rac8 21.Rac1 b5 22.a4 a6
23.Qa5 Rd5 24.axb5 axb5 25.g4 Qe8 26.Bf1 Bd7 27.Qd2 Bc6 28.Bg2 Rcd8 29.Qc3 Qd7
30.b3  1/2-1/2

[Event "TCh-AUT 2006-7"]
[Site "Graz AUT"]
[Date "2006.11.03"]
[Round "1"]
[White "Grabher,H"]
[Black "Danner,G"]
[Result "0-1"]
[WhiteElo "2311"]
[BlackElo "2426"]

1.e4 c5 2.Nf3 Nc6 3.Nc3 d6 4.d4 cxd4 5.Nxd4 Nf6 6.Bc4 Qb6 7.Ndb5 a6 8.Be3 Qa5
9.Nd4 Ng4 10.Nxc6 bxc6 11.O-O Nxe3 12.fxe3 f6 13.Qd4 Rb8 14.Rab1 Qb6 15.b4 Qxd4
16.exd4 e6 17.Bd3 Be7 18.Ne2 O-O 19.c4 f5 20.exf5 exf5 21.a4 g6 22.b5 axb5
23.cxb5 cxb5 24.Rxb5 Ra8 25.Ra1 Bd8 26.Bc4+ Kg7 27.Bd5 Ra7 28.Rb8 Bg5 29.Kf2 Ba6
30.Rxf8 Kxf8 31.Bc6 Bf6 32.Rd1 Rc7 33.d5 Re7 34.Nf4 Re4 35.Ne6+ Kf7 36.Rd2 Rb4
37.g3 g5 38.Rc2 Bd3 39.Ra2 Bc4 40.Rd2 Rb1 41.Nd4 Bd8 42.Bb5 Ba5 43.Rc2 Bxd5
44.Nxf5 Bb6+ 45.Ke2 Ke6 46.Ne3 Be4 47.Bd3 Bxd3+ 48.Kxd3 Rb3+ 49.Kc4 Rxe3
50.Kb5 Rb3+ 51.Kc6 Bd4  0-1

[Event "Femida"]
[Site "Kharkiv UKR"]
[Date "2006.11.03"]
[Round "4"]
[White "Zubarev,Al1"]
[Black "Aguettaz,M"]
[Result "1-0"]
[WhiteElo "2490"]
[BlackElo "2300"]

1.e4 c5 2.Nc3 Nc6 3.Bb5 Nd4 4.Bc4 e6 5.Nf3 Nf6 6.O-O a6 7.e5 d5 8.exf6 dxc4
9.fxg7 Bxg7 10.d3 cxd3 11.cxd3 Bd7 12.Nxd4 Bxd4 13.Ne4 Bc6 14.Bg5 Qd5 15.Rc1 Rg8
16.Rxc5 Qxa2 17.Qc1 f5 18.Rxc6 bxc6 19.Qxc6+ Kf7 20.Qd7+ Kg6 21.Qxd4 Rgf8
22.Ng3  1-0

[Event "Open"]
[Site "Santo Domingo DOM"]
[Date "2006.11.03"]
[Round "6"]
[White "Mitkov,N1"]
[Black "Delgado,J"]
[Result "1-0"]
[WhiteElo "2565"]
[BlackElo "2214"]

1.e4 c5 2.Nc3 Nc6 3.Bb5 d6 4.Bxc6+ bxc6 5.f4 e6 6.Nf3 c4 7.b3 Ba6 8.Qe2 d5
9.Ne5 d4 10.Na4 d3 11.cxd3 cxb3 12.axb3 f6 13.Qh5+ g6 14.Nxg6 hxg6 15.Qxh8 Qxd3
16.Nc3  1-0

[Event "Petersburg Autumn"]
[Site "St Petersburg RUS"]
[Date "2006.11.03"]
[Round "4"]
[White "Kudriavtsev,Y"]
[Black "Ivanov,Vik3"]
[Result "1/2-1/2"]
[WhiteElo "1961"]
[BlackElo "2077"]

1.e4 c5 2.Nf3 Nc6 3.Nc3 e5 4.Bc4 d6 5.d3 Be7 6.O-O Nf6 7.Bg5 O-O 8.Bxf6 Bxf6
9.Nd5 Be6 10.a3 Rb8 11.c3 b5 12.Ba2 a5 13.Qc2 Bg4 14.Nd2 Bg5 15.f4 exf4 16.Nxf4 Bxf4
17.Rxf4 Be6 18.Bxe6 fxe6 19.Raf1 Rxf4 20.Rxf4 Qg5 21.Rf3 d5 22.exd5 exd5
23.Nf1 b4 24.Qe2 Qe7 25.Re3 Qd7 26.axb4 axb4 27.c4 dxc4 28.dxc4 Rf8 29.h3 Nd4
30.Qd3 Qf7 31.Nd2 Qf2+ 32.Kh2 Rd8 33.Kh1 Ne6 34.Qe4 Ng5 35.Qe7 Qxd2 36.Qxg5 Qd4
37.Qe7 Rf8 38.Qe6+ Kh8 39.Rf3 Rd8 40.Qe7 h6 41.b3 Ra8 42.Kh2 Kh7 43.Qf7 Qe5+
44.Rg3 Ra1 45.Qg6+ Kh8 46.Qd3 Qc7 47.Qf3 Qe5 48.Qe3 Re1 49.Qxe5 Rxe5 50.Rd3 Kg8
51.Kg3 Kf7 52.Kf4 Ke6 53.g3 h5 54.h4 Rf5+ 55.Ke4  1/2-1/2

[Event "10th OIBM"]
[Site "Bad Wiessee GER"]
[Date "2006.11.04"]
[Round "1"]
[White "Vranidis,G"]
[Black "Bobras,P"]
[Result "0-1"]
[WhiteElo "2041"]
[BlackElo "2527"]

1.e4 c5 2.Nc3 Nc6 3.Bb5 Nd4 4.Bc4 e6 5.Nge2 Nf6 6.d3 a6 7.Nxd4 cxd4 8.Ne2 Bc5
9.a4 d5 10.exd5 Nxd5 11.Ng3 b6 12.O-O Bb7 13.Qg4 O-O 14.Nh5 g6 15.Nf4 Re8
16.Bxd5 Bxd5 17.Nxd5 Qxd5 18.Bh6 Rac8 19.Rfc1 Be7 20.Bd2 Rc6 21.Qe4 Qd7 22.c4 dxc3
23.Rxc3 Rd6 24.Rac1 Bd8 25.Be3 Rd5 26.Qc4 b5 27.axb5 axb5 28.Qb3 Ba5 29.Rc5 Rd8
30.Rxd5 Qxd5 31.Qxd5 Rxd5 32.Rd1 Bd8 33.Kf1 Bf6 34.b3 b4 35.Ke2 Ra5 36.Rb1 Ra2+
37.Kf3 Bc3 38.h3 f5 39.g4 Kf7 40.Kg3 e5 41.f4 g5 42.fxe5 f4+ 43.Bxf4 gxf4+
44.Kxf4 Ke6 45.Ke4 Re2+ 46.Kf3 Rxe5 47.Rd1 Kd5 48.h4 Kd4 49.g5 Re1  0-1

[Event "10th OIBM"]
[Site "Bad Wiessee GER"]
[Date "2006.11.04"]
[Round "1"]
[White "Gomez,Joh"]
[Black "Reinke,K"]
[Result "1-0"]
[WhiteElo "2387"]
[BlackElo "1998"]

1.e4 c5 2.Nc3 Nc6 3.Bb5 Nd4 4.Bc4 e6 5.Nge2 Qc7 6.d3 Nxe2 7.Qxe2 a6 8.a4 g6
9.O-O Bg7 10.f4 Bd4+ 11.Kh1 Ne7 12.f5 b6 13.Bg5 f6 14.Bh6 Nc6 15.Rae1 Be5
16.Qg4 Bxc3 17.bxc3 Ne5 18.Qg3 d6 19.Bxe6 Bxe6 20.fxe6 Qe7 21.d4 Nc6 22.Qf3 Rc8
23.e5 f5 24.exd6 Qxd6 25.Bf4 Qf8 26.d5 Na7 27.d6 Rc6 28.d7+  1-0

[Event "TCh-AUT 2006-7"]
[Site "Graz AUT"]
[Date "2006.11.04"]
[Round "2"]
[White "Atlas,V"]
[Black "Horvath,Jo1"]
[Result "1/2-1/2"]
[WhiteElo "2482"]
[BlackElo "2539"]

1.e4 c5 2.Nf3 Nc6 3.Nc3 g6 4.d4 cxd4 5.Nxd4 Bg7 6.Nde2 d6 7.g3 Bg4 8.Bg2 Bxc3+
9.bxc3 Qa5 10.f3 Be6 11.O-O Nf6 12.Bh6 O-O-O 13.Nd4  1/2-1/2

[Event "TCh-ROM Divizia A Feminin"]
[Site "Predeal ROM"]
[Date "2006.11.04"]
[Round "1"]
[White "Ciobanu,C"]
[Black "Mosnegutu,M"]
[Result "1-0"]
[WhiteElo "2187"]
[BlackElo "2225"]

1.e4 c5 2.Nc3 Nc6 3.Bb5 Nd4 4.Bc4 e6 5.Nf3 a6 6.Nxd4 cxd4 7.Ne2 b5 8.Bb3 Qb6
9.O-O Bb7 10.d3 Ne7 11.a4 Nc6 12.axb5 axb5 13.Rxa8+ Bxa8 14.f4 Be7 15.f5 Ne5
16.Qe1 Bf6 17.Qg3 O-O 18.Bh6 exf5 19.exf5 Kh8 20.Bd2 Re8 21.Nf4 Qc6 22.Re1 d6
23.Nh5 Rg8 24.Re4 Qd7 25.Rf4 Qc6 26.Rf2 Bb7 27.Re2 Ra8 28.Kf1 Qd7 29.Qf4 Ra1+
30.Be1 Qc6 31.Nxf6 gxf6 32.Qh6 Kg8 33.Qxf6 Qd7 34.Qg5+ Kf8 35.Kf2 Bxg2 36.Rxe5  1-0

[Event "Petersburg Autumn"]
[Site "St Petersburg RUS"]
[Date "2006.11.04"]
[Round "5"]
[White "Ermolov,V"]
[Black "Chernov,Vl3"]
[Result "0-1"]
[WhiteElo "2171"]
[BlackElo "2011"]

1.e4 c5 2.Nc3 Nc6 3.Nge2 Nf6 4.d4 cxd4 5.Nxd4 e5 6.Ndb5 d6 7.Nd5 Nxd5 8.exd5 Nb8
9.Be3 a6 10.Nc3 Be7 11.Qd2 f5 12.f4 Nd7 13.a4 b6 14.fxe5 Nxe5 15.Qd4 Bh4+
16.Kd2 Rb8 17.Be2 O-O 18.Rhf1 Bf6 19.Qb4 Qc7 20.Ra3 Re8 21.Rb3 Nd7 22.Qf4 Nc5
23.Bxc5 Qxc5 24.Rf3 h6 25.Qc4 Bg5+ 26.Kd1 Qg1+ 27.Bf1 Qxh2 28.Qc7 Qe5 29.Ne2 Rb7
30.Qc3 Qxd5+ 31.Rd3 Qc5 32.Nd4 Rbe7 33.Be2 Bf6 34.Bh5 Qxc3 35.Rbxc3 Re1+  0-1

[Event "10th OIBM"]
[Site "Bad Wiessee GER"]
[Date "2006.11.05"]
[Round "2"]
[White "Degraeve,JM"]
[Black "Hein,E"]
[Result "1-0"]
[WhiteElo "2551"]
[BlackElo "2179"]

1.e4 c5 2.Nc3 Nc6 3.Bb5 g6 4.Bxc6 dxc6 5.d3 Bg7 6.Be3 b6 7.Qd2 e5 8.O-O-O Be6
9.f4 c4 10.d4 exd4 11.Bxd4 Qxd4 12.Qxd4 Bxd4 13.Rxd4 Rd8 14.Nf3 Rxd4 15.Nxd4 Bd7
16.h3 Nf6 17.g4 Ke7 18.Kd2 c5 19.Nf3 Bc6 20.Ke3 Rd8 21.g5 Nd7 22.h4 b5 23.h5 b4
24.Nd1 Ba4 25.hxg6 hxg6 26.c3 Nf8 27.Nf2 Rb8 28.f5 bxc3 29.bxc3 gxf5 30.exf5 Bc6
31.Rd1 Bxf3 32.Kxf3 Rb2 33.Ne4 Rxa2 34.Nxc5 Rh2 35.Ra1 Kd6 36.Ne4+ Kc6 37.Ra6+ Kb7
38.Rf6 Rh7 39.g6 fxg6 40.Rxf8 gxf5 41.Rxf5 Kb6 42.Rf6+ Kb5 43.Ke3 Rh3+ 44.Rf3 Rh6
45.Kd4 Rh4 46.Rf5+ Ka4 47.Rc5 Kb3 48.Ra5  1-0

[Event "VII Rapid"]
[Site "El Sauzal ESP"]
[Date "2006.11.05"]
[Round "7"]
[White "Mogranzini,R"]
[Black "Komljenovic,D"]
[Result "1/2-1/2"]
[WhiteElo "2401"]
[BlackElo "2487"]

1.e4 c5 2.Nc3 Nc6 3.Bb5 g6 4.Bxc6 dxc6 5.d3 Bg7 6.Be3 b6 7.Qd2 e5 8.Nge2 a5
9.O-O Nf6 10.h3 O-O 11.Bh6 Nh5 12.Bxg7 Nxg7 13.f4 exf4 14.Nxf4 f6 15.Rf2 Ra7
16.Raf1 Raf7 17.Qe3 Qd6 18.Na4 Qc7 19.b3 Ne8 20.d4 cxd4 21.Qxd4 c5 22.Qe3 f5
23.Nd5 Qe5 24.Naxb6 Nd6 25.exf5 Qxe3 26.Nxe3 Bxf5 27.Nbc4 Ne4 28.Rf4 Ng3
29.Re1 Re7 30.Kh2 Ne4 31.Nxf5 gxf5 32.Nd6 Re5 33.Nxe4 fxe4 34.Rfxe4 Ref5
35.R1e2 Rb8 36.Re5 Rxe5 37.Rxe5 a4 38.bxa4 Ra8 39.Rxc5 Rxa4 40.Rc7 Rxa2  1/2-1/2

[Event "FSGM November"]
[Site "Budapest HUN"]
[Date "2006.11.06"]
[Round "3"]
[White "Potapov,P"]
[Black "Caposciutti,M"]
[Result "1/2-1/2"]
[WhiteElo "2406"]
[BlackElo "2333"]

1.e4 c5 2.Nf3 Nc6 3.Nc3 d6 4.d4 cxd4 5.Nxd4 Nf6 6.g3 e6 7.Bg2 Bd7 8.O-O Be7
9.h3 O-O 10.g4 Nxd4 11.Qxd4 Bc6 12.Be3 Qc7 13.Rad1 Rfd8 14.g5 Nd7 15.f4 b5
16.f5 Ne5 17.f6 Bf8 18.Bf4 g6 19.Ne2 Nc4 20.b3 e5 21.Qc3 Nb6 22.Bg3 Qb7 23.Qe3 d5
24.Bxe5 dxe4 25.Nf4 Rac8 26.c3 Qa6 27.Bd4 Qxa2 28.Ne6 Re8 29.Nxf8 Rxf8 30.Qg3 Qxb3
31.Qh4 h5 32.gxh6 Kh7 33.Bxe4 Bxe4 34.Qxe4 Rce8 35.Qb7 Re2 36.Rde1  1/2-1/2

[Event "TCh-ROM Divizia A Masculin"]
[Site "Predeal ROM"]
[Date "2006.11.06"]
[Round "3"]
[White "Burnoiu,N1"]
[Black "Nanu,C"]
[Result "0-1"]
[WhiteElo "2419"]
[BlackElo "2482"]

1.e4 c5 2.Nf3 Nc6 3.Nc3 d6 4.d4 cxd4 5.Nxd4 Nf6 6.f3 e5 7.Nb3 Be7 8.Be3 O-O
9.Qd2 Be6 10.Rd1 a5 11.Bb5 Na7 12.Be2 Nc8 13.a4 Nb6 14.Bb5 Nc4 15.Bxc4 Bxc4
16.Kf2 Rc8 17.g3 d5 18.exd5 Bb4 19.Bg5 Qb6+ 20.Qe3 Qxe3+ 21.Bxe3 Bxc3 22.bxc3 Bxd5
23.Nc5 Rc7 24.Rb1 Rfc8 25.Rhd1 h6 26.c4 Bxc4 27.Nxb7 Bd5 28.Nd6 Rxc2+ 29.Rd2 Rxd2+
30.Bxd2 Rc2 31.Ke3 Ra2 32.Rb8+ Kh7 33.Bxa5 Ra3+ 34.Kd2 Rxf3 35.Bc3 Rf2+ 36.Ke1 Rxh2
37.Rb5 Bf3 38.Bxe5 Re2+ 39.Kf1 Ng4 40.Bf4 Nh2+ 41.Kg1 Rg2+ 42.Kh1 Ng4  0-1

[Event "TCh-ROM Divizia A Masculin"]
[Site "Predeal ROM"]
[Date "2006.11.06"]
[Round "3"]
[White "Manole,V"]
[Black "Jianu,V"]
[Result "1/2-1/2"]
[WhiteElo "2387"]
[BlackElo "2502"]

1.e4 c5 2.Nc3 Nc6 3.Bb5 Nd4 4.Bc4 g6 5.Nf3 Bg7 6.Nxd4 cxd4 7.Qf3 Nh6 8.Ne2 O-O
9.d3 Ng4 10.Bb3 Ne5 11.Qg3 Nc6 12.h4 Na5 13.h5 Nxb3 14.axb3 e5 15.Bg5 Qb6
16.Qh4 f5 17.hxg6 Qxg6 18.exf5 Rxf5 19.f4 exf4 20.Bxf4 d6 21.g4 Rf7 22.Ra5 Bf6
23.g5 Be7 24.Qg3 Bf8 25.Rd5 Be6 26.Rxd4 Re8 27.Bxd6 Bg7 28.Re4 Rd8 29.Nf4 Rxf4
30.Bxf4 Bd5 31.O-O Bxe4 32.dxe4 Qxe4 33.Qg2 Qd4+ 34.Kh1 Rf8 35.Bg3 Rxf1+
36.Qxf1 Qd5+ 37.Qg2 Qxg5 38.Be1 Qh5+ 39.Kg1 Qd1 40.Kf1 h6 41.Qe4 Qd7 42.Bc3 Bxc3
43.bxc3 Qd1+ 44.Kf2 Qd2+ 45.Kf1 Qxc3 46.Qxb7 Qxc2 47.Qb8+ Kg7  1/2-1/2

[Event "TCh-ROM Divizia A Feminin"]
[Site "Predeal ROM"]
[Date "2006.11.06"]
[Round "3"]
[White "Padurariu,I"]
[Black "Traistaru,T"]
[Result "1-0"]
[WhiteElo "2221"]
[BlackElo "2126"]

1.e4 c5 2.Nc3 Nc6 3.Bb5 Nd4 4.Bc4 e6 5.Nge2 g6 6.Nxd4 cxd4 7.Ne2 Bg7 8.O-O Ne7
9.d3 d5 10.Bb3 a5 11.a4 b6 12.f4 dxe4 13.dxe4 Ba6 14.Rf3 O-O 15.Ng3 Nc6 16.Bd2 Ra7
17.Qe1 Rd7 18.e5 Ne7 19.Ne4 Bb7 20.Rh3 Nf5 21.Bc4 Ne3 22.Bd3 Bxe4 23.Bxe4 f5
24.Bd3 Nd5 25.Qe2 Rdf7 26.Rf1 Qd7 27.g4 Rc8 28.gxf5 gxf5 29.Qh5 Bf8 30.Rff3 Rg7+
31.Rfg3 Rxg3+ 32.hxg3 Ne3 33.Bxe3 dxe3 34.Qe2 Qxa4 35.b3 Qd4 36.Kf1 Rd8 37.Qh5 Rd7
38.Qf3 Bc5 39.g4 Bb4 40.gxf5 Qa1+ 41.Kg2 e2 42.Rg3+ Rg7 43.Rxg7+ Kxg7 44.f6+  1-0

[Event "TCh-ROM Divizia A Masculin"]
[Site "Predeal ROM"]
[Date "2006.11.06"]
[Round "3"]
[White "Slovineanu,V"]
[Black "Dinu,DD"]
[Result "1-0"]
[WhiteElo "2423"]
[BlackElo "2348"]

1.e4 c5 2.Nc3 Nc6 3.Bb5 d6 4.Bxc6+ bxc6 5.d3 g6 6.f4 Bg7 7.Nf3 Nh6 8.O-O f5
9.Qe2 Nf7 10.Re1 fxe4 11.Qxe4 Qc7 12.h3 a6 13.Bd2 Ra7 14.d4 Bf5 15.Qe3 O-O
16.dxc5 Rb7 17.b3 dxc5 18.Qxc5 Rd8 19.Qf2 Qc8 20.Rac1 Rbd7 21.Ne4 Qb8 22.Re2 Rxd2
23.Nexd2 Qxf4 24.g3 Qd6 25.Nc4 Qb4 26.g4 Bc8 27.Qe3 Bh6 28.g5 Bf8 29.Nfe5 Nxe5
30.Nxe5 Qd6 31.Nc4 Qc7 32.Qe5 Qa7+ 33.Kh2 Rd5 34.Qg3 Qc5 35.Rg1 a5 36.Qe3 e5
37.Qxc5 Bxc5 38.Rg3 Ba6 39.Rd3 Kf8 40.Red2 Bxc4 41.bxc4 Rd4 42.Rf3+ Ke7 43.Rxd4 Bxd4
44.Kg2 e4 45.Rf4 Ke6 46.Rxe4+ Be5 47.Kf3 Kf5 48.h4 c5 49.Re3  1-0

[Event "FSGM November"]
[Site "Budapest HUN"]
[Date "2006.11.08"]
[Round "5"]
[White "Potapov,P"]
[Black "Paschall,W"]
[Result "1/2-1/2"]
[WhiteElo "2406"]
[BlackElo "2374"]

1.e4 c5 2.Nf3 Nc6 3.Nc3 d6 4.d4 cxd4 5.Nxd4 Nf6 6.g3 g6 7.Bg2 Nxd4 8.Qxd4 Bg7
9.O-O O-O 10.Qd1 Bg4 11.f3 Be6 12.Be3 b5 13.Nd5 Nxd5 14.exd5 Bf5 15.c3 a5
16.Bd4 Bxd4+ 17.Qxd4 Rc8 18.Rfd1 Rc4 19.Qe3 Qc7 20.Bf1 Rc5 21.Rac1 Qb7 22.g4 Bc8
23.Qd4 e5 24.dxe6 Bxe6 25.Qxd6 Rd5 26.Qf4 Rxd1 27.Rxd1 Bxa2 28.Qe4 Qb8 29.Rd7 Bc4
30.Bxc4 bxc4 31.Rb7 Qd8 32.Qxc4 Qd1+ 33.Kg2 Qd2+ 34.Kg3 Qe1+ 35.Kh3 Qf2 36.Qd5 Qf1+
37.Kg3 Qg1+ 38.Kh3 Qf1+ 39.Kg3 Qg1+ 40.Kh3 Qf1+  1/2-1/2

[Event "It"]
[Site "Klaksvik FAI"]
[Date "2006.11.08"]
[Round "6"]
[White "Simonsen,H"]
[Black "Ziska,H"]
[Result "1/2-1/2"]
[WhiteElo "2262"]
[BlackElo "2364"]

1.e4 c5 2.Nc3 Nc6 3.Nf3 e5 4.Bc4 d6 5.d3 Be7 6.O-O Nf6 7.h3 h6 8.Ne1 Be6
9.f4 exf4 10.Bxf4 a6 11.Nf3 O-O 12.Bxe6 fxe6 13.Qd2 g5 14.Bh2 g4 15.hxg4 Nxg4
16.Bf4 Kh7 17.Nh2 Nce5 18.Qe2 Rg8 19.Nd1 Qe8 20.Ne3 Nxe3 21.Qxe3 Qg6 22.Qh3 Nf7
23.Rae1 Raf8 24.Rf3 Bg5 25.Ref1 Bxf4 26.Rxf4 Ng5 27.Qg3 Rxf4 28.Rxf4 h5 29.Nf3 Nxf3+
30.Qxf3 Qg5 31.Kh2 Rg7 32.c3 b5 33.Kg1 Rg6 34.d4 cxd4 35.cxd4 Kg7 36.Rf7+ Kh6
37.Rf8 Kh7 38.b3 Qg4 39.Rf7+ Kg8 40.Qxg4 Rxg4 41.Rd7 Rxe4 42.Rxd6 Kf7 43.Rxa6 Rxd4
44.Rb6 b4 45.Kf2 Kf6 46.Ke3 Rg4 47.Kf3 Kf5 48.Rb8 Rf4+ 49.Ke3 Re4+ 50.Kf3 Rf4+
51.Ke3 Re4+ 52.Kf3 Rf4+  1/2-1/2

[Event "10th OIBM"]
[Site "Bad Wiessee GER"]
[Date "2006.11.10"]
[Round "7"]
[White "Meinhardt,Ma"]
[Black "Knitl,A"]
[Result "1/2-1/2"]
[WhiteElo "2381"]
[BlackElo "2191"]

1.e4 c5 2.Nc3 Nc6 3.Bb5 Nd4 4.Bc4 e6 5.Nf3 a6 6.Nxd4 cxd4 7.Ne2 b5 8.Bb3 Qb6
9.d3 Ne7 10.O-O Nc6 11.Bd2 Bb7 12.Qe1 b4 13.Ba4 f6 14.f4 Bc5 15.Qg3 Kf8 16.Kh1 Rd8
17.Qh4 Ne7 18.Ng3 d5 19.e5 f5 20.Nh5 Ng8 21.g4 Be7 22.Qh3 Nh6 23.Rg1 fxg4
24.Rxg4 Nxg4 25.Qxg4 g6 26.Rf1 Bc8 27.Ng3 Kg7 28.Rg1 Bd7 29.Bxd7 Rxd7 30.f5 exf5
31.Nxf5+ Kf8 32.Nxd4 Ke8 33.Ne6 d4 34.Ng7+ Kd8 35.Qe4 Qb7 36.Ne6+ Kc8 37.Qxb7+ Kxb7
38.Rf1 Kc6 39.Rf4 Kd5 40.Nxd4  1/2-1/2

[Event "RGSU Masters"]
[Site "Moscow RUS"]
[Date "2006.11.10"]
[Round "5"]
[White "Kislov,O"]
[Black "Girya,O"]
[Result "1/2-1/2"]
[WhiteElo "2267"]
[BlackElo "2240"]

1.e4 c5 2.Nf3 Nc6 3.Nc3 e6 4.Bb5 Nd4 5.O-O Nxb5 6.Nxb5 a6 7.Nc3 d6 8.d4 cxd4
9.Qxd4 Ne7 10.Qd3 Nc6 11.Bg5 f6 12.Be3 Be7 13.Nd4 O-O 14.f4 f5 15.exf5 Nxd4
16.Bxd4 Rxf5 17.Ne4 Bd7 18.Rae1 Qf8 19.Ng5 Bxg5 20.fxg5 Rxf1+ 21.Rxf1 Qe7
22.g6 hxg6 23.Qxg6 e5 24.Bc3 a5 25.Rd1 Ra6 26.Rd5 Be8 27.Qd3 Qc7 28.Qd2 Bf7
29.Rxa5 Rxa5 30.Bxa5 Qc5+ 31.Kh1 Qc4 32.h3 d5 33.b3 Qf1+ 34.Kh2 d4 35.Bc7 Qf5
36.Qd3 Qxd3 37.cxd3 Bg6 38.Bxe5 Bxd3 39.Bxd4 Bb1 40.a3 Bc2 41.b4 b5 42.Kg3 Kf7
43.Kf4 g6 44.Kg5 Bb3 45.g4 Bc2 46.Kh6 Bd1 47.g5 Bc2 48.h4 Bd1 49.Kh7 Bh5
50.Bc3  1/2-1/2

[Event "TCh-ROM Divizia A Feminin"]
[Site "Predeal ROM"]
[Date "2006.11.10"]
[Round "7"]
[White "Gheorghe,C"]
[Black "Mosnegutu,M"]
[Result "1-0"]
[WhiteElo "2265"]
[BlackElo "2225"]

1.e4 c5 2.Nc3 Nc6 3.Nge2 g6 4.d4 cxd4 5.Nxd4 Bg7 6.Nde2 Nf6 7.g3 d6 8.Bg2 Bg4
9.h3 Be6 10.O-O Qd7 11.Kh2 O-O 12.a4 Rac8 13.Be3 b6 14.Nd5 Ne5 15.b3 Bxd5
16.exd5 Nfg4+ 17.hxg4 Nxg4+ 18.Kg1 Nxe3 19.fxe3 Bxa1 20.Qxa1 Rxc2 21.Nd4 Rc5
22.Qd1 e5 23.dxe6 fxe6 24.Rxf8+ Kxf8 25.Qf3+ Kg7 26.Bh3 Re5 27.Qg4 Kf6 28.Qf3+ Kg7
29.Qg4 Kf6 30.Nf3 Rh5 31.Qf4+ Kg7 32.Ng5 Rxh3 33.Nxh3 e5 34.Qh4 Qc8 35.Qe7+ Kh6
36.Qg5+ Kg7 37.Qe7+ Kh6 38.Nf2 Qc1+ 39.Kg2 Qd2 40.Qh4+ Kg7 41.Qe7+ Kg8 42.Qxa7 Qd5+
43.e4 Qxb3 44.Qb8+ Kg7 45.a5  1-0

[Event "TCh-ROM Divizia A Masculin"]
[Site "Predeal ROM"]
[Date "2006.11.10"]
[Round "7"]
[White "Nisipeanu,LD"]
[Black "Fedorov,Alex"]
[Result "1/2-1/2"]
[WhiteElo "2690"]
[BlackElo "2617"]

1.e4 c5 2.Nf3 Nc6 3.Nc3 g6 4.d4 cxd4 5.Nxd4 Bg7 6.Be3 Nf6 7.Bc4 Qa5 8.O-O O-O
9.Bb3 d6 10.h3 Bd7 11.Qe1 Nxe4 12.Nxc6 Bxc6 13.Nxe4 Qxe1 14.Raxe1 Bxe4 15.Bc1 Bc6
16.Rxe7 d5 17.Rd1 Rfe8 18.Rxe8+ Rxe8 19.Be3 Bxb2 20.Bxa7 Bc3 21.Bxd5 Bxd5
22.Rxd5 Ra8 23.Be3 Rxa2 24.Rc5 Bf6 25.g4 h5 26.g5 Bg7 27.Rc8+ Kh7 28.Rc7 Kg8
29.c4 Rb2 30.Rc8+ Kh7 31.Rc7 Kg8 32.Rc8+ Kh7 33.c5 Rb4 34.Rc7 Kg8 35.Rc8+ Kh7
36.Rd8 Be5 37.Kg2 f6 38.Rd7+ Kg8 39.gxf6 Bxf6 40.Kf3 Kf8  1/2-1/2

[Event "10th OIBM"]
[Site "Bad Wiessee GER"]
[Date "2006.11.11"]
[Round "8"]
[White "Degraeve,JM"]
[Black "Faibisovich,V"]
[Result "1-0"]
[WhiteElo "2551"]
[BlackElo "2407"]

1.e4 c5 2.Nc3 Nc6 3.Bb5 e5 4.d3 d6 5.f4 exf4 6.Bxf4 Nf6 7.Nf3 Be7 8.O-O O-O
9.Bxc6 bxc6 10.e5 Nd5 11.exd6 Bxd6 12.Bxd6 Nxc3 13.Qe1 Qxd6 14.Qxc3 Be6 15.Rae1 c4
16.dxc4 Qc5+ 17.Rf2 Qxc4 18.Qxc4 Bxc4 19.b3 Bd5 20.Ne5 Rac8 21.c4 Be6 22.Rd2 Rc7
23.Red1 c5 24.Rd6 h6 25.Kf2 Re8 26.Rc6 Rxc6 27.Nxc6 Kf8 28.Rd6 Ra8 29.Ne5 Rc8
30.Ke3 Rc7 31.g3 Ke7 32.Ra6 Ke8 33.Nd3 Ke7 34.Nf4 g5 35.Nd5+ Bxd5 36.cxd5 Rd7
37.Ke4 f5+ 38.Ke5 f4 39.gxf4 gxf4 40.Rxh6 f3 41.d6+  1-0

[Event "RGSU GM"]
[Site "Moscow RUS"]
[Date "2006.11.11"]
[Round "6"]
[White "Nebolsina,V"]
[Black "Sjugirov,S"]
[Result "1-0"]
[WhiteElo "2349"]
[BlackElo "2444"]

1.e4 c5 2.Nc3 Nc6 3.Nf3 g6 4.d4 cxd4 5.Nxd4 Bg7 6.Be3 d6 7.Be2 Nf6 8.f3 O-O
9.Qd2 d5 10.Nxc6 bxc6 11.exd5 Nxd5 12.Nxd5 cxd5 13.c3 e5 14.Rd1 Bb7 15.O-O Re8
16.Bb5 Re6 17.Bc4 Rd6 18.Bc5 Rd7 19.Bb5 Rc7 20.Qf2 Rcc8 21.f4 Qc7 22.Be3 f6
23.Ba4 Rd8 24.Bb3 Kh8 25.fxe5 fxe5 26.Qh4 Rd7 27.Rf3 d4 28.Rh3 h5 29.cxd4 exd4
30.Bf4 Qc5 31.Qg4 d3+ 32.Kh1 Rd6 33.Bxd6 Qxd6 34.Qc4 Ba6 35.Qe4 Rd8 36.Rg3 d2
37.Rxg6 Qd3 38.Qe7 Rg8 39.Qg5  1-0

[Event "TCh-NED 2006-7"]
[Site "Netherlands NED"]
[Date "2006.11.11"]
[Round "3"]
[White "Blokhuis,J"]
[Black "Werle,J"]
[Result "1/2-1/2"]
[WhiteElo "2372"]
[BlackElo "2531"]

1.e4 c5 2.Nc3 Nc6 3.Nge2 e6 4.g3 a6 5.a4 Nge7 6.Bg2 b6 7.O-O Bb7 8.d3 g6
9.Bg5 Bg7 10.Nd5 O-O 11.Nf6+ Kh8 12.f4 Qc7 13.g4 Ng8 14.Nxh7 Kxh7 15.Qe1 Nh6
16.Bxh6 Bxh6 17.Qh4 Rh8 18.g5 Kg7 19.Ng3 Qd8 20.Qg4 Kg8 21.gxh6 Rxh6 22.c3 d6
23.Rad1 Qh4 24.h3 Qxg4 25.hxg4 Rh4 26.Bf3 g5 27.Nh5 gxf4 28.Nxf4 Ne5 29.Be2 Rf8
30.Ng2 Rh7 31.Ne3 Kg7 32.d4 cxd4 33.cxd4 Ng6 34.Bf3 Rh3 35.Ng2 f5 36.gxf5 exf5
37.Rc1 fxe4 38.Rc7+ Kh6 39.Bg4 Rh1+ 40.Kxh1 Rxf1+ 41.Kh2 Bd5 42.Ne3 Rf4 43.Kg3 Be6
44.Bxe6 Rf3+ 45.Kg4 Rf4+ 46.Kg3 Rf3+ 47.Kg4 Rf4+  1/2-1/2

[Event "TCh-ROM Divizia A Masculin"]
[Site "Predeal ROM"]
[Date "2006.11.12"]
[Round "9"]
[White "Thesing,M"]
[Black "Parligras,M"]
[Result "1/2-1/2"]
[WhiteElo "2410"]
[BlackElo "2511"]

1.e4 c5 2.Nf3 Nc6 3.Nc3 Nf6 4.d4 cxd4 5.Nxd4 e5 6.Ndb5 d6 7.Bg5 a6 8.Na3 b5
9.Nd5 Be7 10.Bxf6 Bxf6 11.c4 b4 12.Nc2 Rb8 13.b3 Bg5 14.g3 Be6 15.h4 Bh6
16.Bh3 O-O 17.Kf1 a5  1/2-1/2

[Event "RGSU GM"]
[Site "Moscow RUS"]
[Date "2006.11.13"]
[Round "8"]
[White "Tairova,E"]
[Black "Konovalov,N"]
[Result "0-1"]
[WhiteElo "2415"]
[BlackElo "2443"]

1.e4 c5 2.Nc3 Nc6 3.Nf3 Nf6 4.e5 Ng4 5.Qe2 f6 6.exf6 Nxf6 7.d4 cxd4 8.Nb5 e6
9.Nbxd4 Be7 10.Bd2 Qb6 11.Nb3 O-O 12.c3 e5 13.Qb5 Qc7 14.Be2 d5 15.Qa4 Bd7
16.Nc1 e4 17.Ng5 Bc5 18.Qb3 Qe5 19.Nh3 Bxh3 20.gxh3 Bxf2+ 21.Kxf2 e3+ 22.Ke1 exd2+
23.Kxd2 Qf4+ 24.Ke1 Ne4  0-1

[Event "ch-CRO"]
[Site "Kutina CRO"]
[Date "2006.11.15"]
[Round "5"]
[White "Palac,M"]
[Black "Saric,Iv"]
[Result "0-1"]
[WhiteElo "2582"]
[BlackElo "2482"]

1.e4 c5 2.Nf3 Nc6 3.Nc3 e5 4.Bc4 Be7 5.d3 Nf6 6.Nd2 d6 7.Nf1 Bg4 8.f3 Be6
9.Ne3 O-O 10.O-O a6 11.a3 b5 12.Ba2 Nd7 13.g3 Bxa2 14.Rxa2 Nb6 15.Ncd5 Nxd5
16.Nxd5 f5 17.c3 Bg5 18.Bxg5 Qxg5 19.a4 b4 20.Nc7 Rac8 21.Ne6 Qe3+ 22.Kg2 Rfe8
23.exf5 Ne7 24.f6 gxf6 25.f4 c4 26.Qg4+ Ng6 27.f5 cxd3 28.b3 d5 29.Qxb4 Qe4+
30.Qxe4 dxe4 31.c4 e3 32.Kf3 e2 33.Re1 Rb8 34.Nc5 e4+ 35.Ke3 Ne5 36.Nxe4 Kg7
37.Ra3 Rbd8 38.Ra2 Ng4+ 39.Kf4 Nxh2 40.g4 Rd4  0-1

[Event "RGSU GM"]
[Site "Moscow RUS"]
[Date "2006.11.16"]
[Round "11"]
[White "Tairova,E"]
[Black "Chadaev,N"]
[Result "0-1"]
[WhiteElo "2415"]
[BlackElo "2459"]

1.e4 c5 2.Nc3 Nc6 3.Nf3 g6 4.d4 cxd4 5.Nxd4 Bg7 6.Be3 Nf6 7.Nxc6 bxc6 8.e5 Ng8
9.f4 Nh6 10.Qd2 d5 11.exd6 Nf5 12.O-O-O O-O 13.Bf2 Nxd6 14.Bd4 Bh6 15.Bd3 Bg4
16.Rde1 Rb8 17.a3 Qd7 18.h4 Rfd8 19.g3 c5 20.Bxc5 Nc4 21.Qg2 Nxb2 22.Ba6 Bf3
23.Qxf3 Qd2+ 24.Kb1 Nd3+ 25.Nb5 Nxe1 26.Qf2 Qd1+ 27.Ka2 Qd5+  0-1

[Event "RGSU GM"]
[Site "Moscow RUS"]
[Date "2006.11.17"]
[Round "12"]
[White "Nebolsina,V"]
[Black "Mongontuul,B"]
[Result "1/2-1/2"]
[WhiteElo "2349"]
[BlackElo "2383"]

1.e4 c5 2.Nc3 Nc6 3.Nf3 g6 4.d4 cxd4 5.Nxd4 Bg7 6.Be3 Nf6 7.Nxc6 bxc6 8.e5 Ng8
9.Bd4 Nh6 10.e6 O-O 11.Bxg7 Kxg7 12.Qd4+ Kg8 13.exd7 Qxd7 14.Qxd7 Bxd7 15.O-O-O Rfd8
16.Be2 Nf5 17.Ne4 Be6 18.Nc5 Bd5 19.Rhg1 f6 20.g4 Nd6 21.Rg3 a5 22.Ra3 Rdb8
23.Re3 Ra7 24.b3 Rc8 25.c4 Bf7 26.Na4 c5 27.Bf3 Kf8 28.Bd5 Be8 29.Nb2 a4
30.bxa4 Bxa4 31.Ra3 Bxd1 32.Rxa7 Bxg4 33.a4 e6 34.Bg2 Be2 35.Rxh7 Nf7 36.a5 Rc7
37.Rh3 Ra7 38.Kd2 Bg4 39.Ra3 Ke7 40.a6 Nd6 41.Kc3 e5 42.Nd3 Be6 43.Nxc5 Bxc4
44.Ra4 Bb5 45.Rh4 Kd8 46.Nb7+ Kc7 47.Rh7+ Kb6 48.Rh6 Ne8 49.Rxg6 Bxa6 50.Rg8 Bb5
51.Nd8 Rc7+ 52.Kb2 Re7 53.h4 Rh7 54.Rg4 Nd6 55.Ne6 Bd7 56.Nf8 Bxg4 57.Nxh7 Ne8
58.Kc3 Kc5 59.Kd2 Kd6 60.Be4 Bh5 61.Ke3 Ke6 62.Nf8+ Ke7 63.Bg6 Ng7 64.Bxh5 Nxh5
65.Nh7 Kf7 66.Ke4 Nf4 67.Kf5 Nd5 68.Nxf6  1/2-1/2